Public administration: (Record no. 119979)
[ view plain ]
| 000 -LEADER | |
|---|---|
| fixed length control field | 00753nam a2200265Ia 4500 |
| 003 - CONTROL NUMBER IDENTIFIER | |
| control field | OSt |
| 005 - DATE AND TIME OF LATEST TRANSACTION | |
| control field | 20230425093659.0 |
| 008 - FIXED-LENGTH DATA ELEMENTS--GENERAL INFORMATION | |
| fixed length control field | 210210b1974 xxu||||| |||| 00| 0 eng d |
| 040 ## - CATALOGING SOURCE | |
| Transcribing agency | AL |
| 082 ## - DEWEY DECIMAL CLASSIFICATION NUMBER | |
| Classification number | 320/185 |
| Item number | TYAP |
| 100 ## - MAIN ENTRY--PERSONAL NAME | |
| Personal name | A R Tyagi |
| 9 (RLIN) | 92262 |
| 245 ## - TITLE STATEMENT | |
| Title | Public administration: |
| Remainder of title | Principles and practice |
| 250 ## - EDITION STATEMENT | |
| Edition statement | 5 |
| 260 ## - PUBLICATION, DISTRIBUTION, ETC. | |
| Place of publication, distribution, etc. | Delhi |
| Name of publisher, distributor, etc. | Atma Ram & Sons |
| Date of publication, distribution, etc. | 1974 |
| 300 ## - PHYSICAL DESCRIPTION | |
| Extent | xvi,818p. |
| Other physical details | PB |
| Dimensions | 21x14cm. |
| 365 ## - TRADE PRICE | |
| Source of price type code | Political Science |
| Price amount | 35.00 |
| Currency code | ₹ |
| Unit of pricing | 35.00 |
| 650 ## - SUBJECT ADDED ENTRY--TOPICAL TERM | |
| Topical term or geographic name entry element | Development Administration |
| 9 (RLIN) | 92263 |
| 650 ## - SUBJECT ADDED ENTRY--TOPICAL TERM | |
| Topical term or geographic name entry element | Organisation |
| 9 (RLIN) | 92264 |
| 650 ## - SUBJECT ADDED ENTRY--TOPICAL TERM | |
| Topical term or geographic name entry element | Management |
| 9 (RLIN) | 92265 |
| 650 ## - SUBJECT ADDED ENTRY--TOPICAL TERM | |
| Topical term or geographic name entry element | Financial Administration |
| 9 (RLIN) | 92266 |
| 690 ## - LOCAL SUBJECT ADDED ENTRY--TOPICAL TERM (OCLC, RLIN) | |
| Topical term or geographic name as entry element | Public Administration |
| 9 (RLIN) | 92267 |
| 700 ## - ADDED ENTRY--PERSONAL NAME | |
| Personal name | TYAGI (A R) |
| 9 (RLIN) | 92268 |
| 906 ## - LOCAL DATA ELEMENT F, LDF (RLIN) | |
| a | 036503 |
| 942 ## - ADDED ENTRY ELEMENTS (KOHA) | |
| Source of classification or shelving scheme | Dewey Decimal Classification |
| Koha item type | Book |
| Withdrawn status | Lost status | Source of classification or shelving scheme | Damaged status | Not for loan | Collection code | Home library | Current library | Shelving location | Date acquired | Cost, normal purchase price | Total Checkouts | Full call number | Barcode | Date last seen | Price effective from | Koha item type |
|---|---|---|---|---|---|---|---|---|---|---|---|---|---|---|---|---|
| Dewey Decimal Classification | Political Science | St Aloysius Library | St Aloysius Library | UGC Book Bank | 10/19/1976 | 0.00 | 320/185 TYAP | 036503 | 02/17/2021 | 02/17/2021 | Book | |||||
| Dewey Decimal Classification | Political Science | St Aloysius Library | St Aloysius Library | UGC Book Bank | 10/19/1976 | 320/177 TYAP | BB03328 | 04/25/2023 | 04/25/2023 | Book Bank | ||||||
| Dewey Decimal Classification | Political Science | St Aloysius Library | St Aloysius Library | UGC Book Bank | 10/19/1976 | 320/174 TYAP | BB03325 | 04/25/2023 | 04/25/2023 | Book Bank | ||||||
| Dewey Decimal Classification | Political Science | St Aloysius Library | St Aloysius Library | UGC Book Bank | 10/19/1976 | 320/178 TYAP | BB03329 | 04/25/2023 | 04/25/2023 | Book Bank | ||||||
| Dewey Decimal Classification | Political Science | St Aloysius Library | St Aloysius Library | UGC Book Bank | 10/19/1976 | 320/176 TYAP | BB03327 | 04/25/2023 | 04/25/2023 | Book Bank | ||||||
| Dewey Decimal Classification | Political Science | St Aloysius Library | St Aloysius Library | UGC Book Bank | 08/01/1998 | 320/246 TYAP | D01497 | 04/25/2023 | 04/25/2023 | Donated Books | ||||||
| Dewey Decimal Classification | Political Science | St Aloysius Library | St Aloysius Library | UGC Book Bank | 08/01/1998 | 320/247 TYAP | D01498 | 04/25/2023 | 04/25/2023 | Donated Books |